00971njm a2200265Ia 450000100060000000300090000600500170001500800410003204000130007304000130008604100120009910000130011110000180012410000380014224500460018025000110022626000110023726000700024830000100031850000150032850502180034351100220056165000450058370000770062820628IT-RoPAU20220918181206.0131025s9999 xx 000 0 und d aIT-RoPAU cIT-RoPAU aINGLESE aGenesis  eAutore musica gCodice autore musica SPICS: 10916 aFrom Genesis To Revelation (Lp Skli 4990) a1a ed. aLONDON bDECCA RECORD COMPANYc1969 [1a Ed.:1969 - Ed. Lingua Orig.: 1969] aDISCO aMusica pop aWhere the Sour Turns To Sweet - In the Beginning - Fireside Song - The Serpent - Am I Very Wrong? - In the Wilderness - The Conqueror - In Hiding - One Day - Window - In Limbo - Silent Sun - A Place to Call My Own aGreenslade Arthur aPOP [DISCHI]eCodice MATERIA SPICS: 9950 aGenesis eAutore testo e musicagCodice autore testo/musica SPICS: 10916